| 000 | 00508nam a22001457a 4500 | ||
|---|---|---|---|
| 020 | _qHard Copy. | ||
| 040 | _cSINES-NUST. | ||
| 082 |
_a004 _bAHM |
||
| 100 |
_aMohsin Ahmad. _9113130 |
||
| 245 |
_aDeveloping an Effective Machine Learning System for the Diagnosis of Cardiovascular Diseases using Electrocardiogram signal / _cAhmad, Mohsin |
||
| 260 |
_aIslamabad: _bSINES-NUST, _cJune, 2023. |
||
| 300 |
_a74 p. : _bill. ; _c35cm. |
||
| 650 | _xMS- Computational Science and Engineering. | ||
| 942 |
_2ddc _cTHE |
||
| 999 |
_c594948 _d594948 |
||